00544nai a2200157Ia 4500003000900000008004100009022002300050022002200073040001600095245004200111260003400153310001200187362002500199521006900224856009300293IN-BaIIA211028c9999 xx s 000 0 eng d a1364-3703 (Online) a1464-6722 (Print) cIIA Library 0aMolecular Plant Pathologyh[eJournal] aNew JerseybJohn Wiley & Sons aMonthly a1(1); 2000 - Present bSubscribed through National Knowledge Resource Consortium (NKRC) uhttps://bsppjournals.onlinelibrary.wiley.com/loi/13643703yClick Here to Access eJournal